Anglicko-slovenský a slovensko-anglický obchodný slovník

Gespeichert in:
Bibliographische Detailangaben
1. Verfasser: Magula, Jozef (Verfasst von)
Format: Buch
Sprache:Slowakisch
Englisch
Veröffentlicht: Bratislava : Epos, 2003
Schlagworte:
Tags: Tag hinzufügen
Keine Tags, Fügen Sie das erste Tag hinzu!

MARC

LEADER 00000nam a22000003a 4500
001 stu91888
005 20150617225620.7
008 041201s2003----xo------------------slo-d
020 |a 80-8057-552-5 
040 |a STU  |b slo 
041 0 |a slo  |a eng 
044 |a xo 
080 |a 801.316.4=20=854  |7 stu_us_auth*stu8144 
100 1 |a Magula, Jozef  |4 aut 
245 1 |a Anglicko-slovenský a slovensko-anglický obchodný slovník 
260 |a Bratislava :  |b Epos,  |c 2003 
300 |a 479 s 
650 7 |a Slovníky anglicko slovenské a slovensko anglické  |2 stusub 
996 |b 284M042469  |c M*11526-1  |l MMKN  |s A  |a 24  |w stu91888_0001 
996 |b 284M042470  |c M*11526-2  |l MMKN  |s A  |a 24  |w stu91888_0002